000
00218 a2200097 4500
001
42911
100
_a
Akhtar R
245
_a
Pakistan year book 1978
260
_a
Karachi
_b
East & West pub
_c
090
_c
26796
_d
26796
942
_a
NUST-CAE
_c
M
_c
18664
999
_c
277984
_d
277984